000 00413nam a2200181Ia 4500
001 3368
005 20260306145638.0
008 260306t2007||||xx |||||||||||||| ||spa||
041 _aESP
082 _a270.1
_bJ67
100 _aJohnson, Paul
_eAUT
245 0 _aHistoria del cristianismo
260 _c2007
300 _a741 páginas :
_c24 cm.
650 _aGEN
654 _aCHU
942 _cLIB
_dJUS
_fJUS
_2ddc
_n
999 _c3368
_d3368